00735nam a2200241 a 4500001001300000003000900013005001700022008004100039020001000080082001700090100001700107245008000124260004000204300000900244500003500253505002600288650001400314700001700328902000800345942000700353952011800360999001500478nice12345678IN_TiNIC20260116012822.0050524s1986 hyda grp 000 0 eng  ac10000a954.84bNAI1 aNaidu, Ratna aInner City of Hyderabadb Study Sponsored By Planning Commission Government aHyderabadbGovt. of Hyderabadc1986 a217p aincludes index and biblioraphy2 aPublication Date 1988 aHyderabad1 aNaidu, Ratna bSRS cBK 001040708StackRoom-aHMIbHMId2007-04-20g100.00l0o954.84 NAI1p012972r2007-04-20v100.00w2005-05-24yBK c8507d8507